Statistics for Homophones

Click here to take the quiz!

General Stats

  • This quiz has been taken 83 times
  • The average score is 14 of 15

Answer Stats

HintAnswer% Correct
BeeBe
99%
DearDeer
99%
FourFor
99%
AteEight
97%
GrateGreat
97%
MeetMeat
97%
WaistWaste
97%
BeetBeat
96%
OneWon
96%
BearBare
95%
RodeRoad
92%
DaysDaze
89%
DewDo
75%
LoorLure
72%
HimHymn
69%

Score Distribution

Percentile by Number Answered

Percent of People with Each Score

Your Score History

You have not taken this quiz